Dollar Land (Cumbernauld) Ltd v CIN Properties Ltd (Scotland) (Record no. 57382)
[ view plain ]
| 000 -LEADER | |
|---|---|
| fixed length control field | 01691cab a2200253 4500 |
| 001 - CONTROL NUMBER | |
| control field | ABS59830 |
| 008 - FIXED-LENGTH DATA ELEMENTS--GENERAL INFORMATION | |
| fixed length control field | 090401t1998 xxu||||| |||| 00| 0 eng d |
| 035 ## - SYSTEM CONTROL NUMBER | |
| System control number | (Sirsi) u90495 |
| 041 ## - LANGUAGE CODE | |
| Language code of text/sound track or separate title | eng |
| 245 ## - TITLE STATEMENT | |
| Title | Dollar Land (Cumbernauld) Ltd v CIN Properties Ltd (Scotland) |
| 260 ## - PUBLICATION, DISTRIBUTION, ETC. | |
| Date of publication, distribution, etc. | 1998 |
| 350 ## - PRICE (NR) (BK AM CF MU VM SE) [OBSOLETE] | |
| Price | 0 |
| 490 ## - SERIES STATEMENT | |
| Series statement | Estates Gazette Law Reports |
| Volume/sequential designation | 9851 19 December 1998, 88-89(2) |
| 520 ## - SUMMARY, ETC. | |
| Summary, etc. | HL 16 July 1998. An agreement made by CIN and CDC whereby CDC would develop a shopping centre and grant a headlease to CIN for 125 years. CIN agreed inter alia to finance the development and on completion grant a sublease, which contained a conventional irritancy (forfeiture) clause, to CDC for 99 years. CIN were to obtain a return on their investment through rent paid under the sublease and CDC would receive rents from the subtenants. The sublease was assigned by CDC to the appellants DLC. When DLC failed to pay rent under the sublease CIN as landlord raised an action for declarator of irritancy of the sublease. The LO granted the decree resulting in CIN becoming entitled to absolute possession. DLC appealed on the grounds that due to the complex commercial arrangement, the court had the power to remedy the tenant where the enrichment to the landlord was disproportionate to the breach. Held, appeal dismissed. |
| 650 ## - SUBJECT ADDED ENTRY--TOPICAL TERM | |
| Topical term or geographic name entry element | DOLLAR LAND (CUMBERNAULD) LTD V CIN PROPERTIES LTD |
| 650 ## - SUBJECT ADDED ENTRY--TOPICAL TERM | |
| Topical term or geographic name entry element | FORFEITURE |
| 650 ## - SUBJECT ADDED ENTRY--TOPICAL TERM | |
| Topical term or geographic name entry element | IRRITANCY CLAUSES |
| 650 ## - SUBJECT ADDED ENTRY--TOPICAL TERM | |
| Topical term or geographic name entry element | LAW REFORM (MISCELLANEOUS PROVISIONS) (SCOTLAND) ACT 1985 S4(2) |
| 650 ## - SUBJECT ADDED ENTRY--TOPICAL TERM | |
| Topical term or geographic name entry element | SUBLEASES |
| 650 ## - SUBJECT ADDED ENTRY--TOPICAL TERM | |
| Topical term or geographic name entry element | UNJUST ENRICHMENT |
| 690 ## - LOCAL SUBJECT ADDED ENTRY--TOPICAL TERM (OCLC, RLIN) | |
| Topical term or geographic name as entry element | LANDLORD AND TENANT-CASE LAW-BUSINESS TENANCIES |
| 942 ## - ADDED ENTRY ELEMENTS (KOHA) | |
| Suppress in OPAC | 0 |
| 948 ## - LOCAL PROCESSING INFORMATION (OCLC); SERIES PART DESIGNATOR (RLIN) | |
| c (OCLC) | 04/01/1999 |
| Withdrawn status | Lost status | Source of classification or shelving scheme | Damaged status | Not for loan | Home library | Current library | Shelving location | Date acquired | Total Checkouts | Full call number | Barcode | Date last seen | Copy number | Price effective from | Koha item type |
|---|---|---|---|---|---|---|---|---|---|---|---|---|---|---|---|
| Dewey Decimal Classification | London | London | Journal article | 14/09/1999 | ABS59830 | 90495-1001 | 06/08/2019 | 1 | 06/08/2019 | Law report |